LEADER 01074nam a2200301 i 4500 001 991001805999707536 005 20020507151935.0 008 000217s1988 it ||| | ita 020 $a8814017131 035 $ab11566632-39ule_inst 035 $aLE02725490$9ExL 040 $aDip.to Studi Giuridici$bita 082 0 $a343.450968 084 $aPR-XII/B 100 1 $aCarbone, Sergio M.$0437591 245 10$aContratto di trasporto marittimo di cose /$cSergio M. Carbone 260 $aMilano :$bA. Giuffrè,$c1988 300 $axxii, 534 p. ;$c25 cm. 500 $aFa parte di: 500 $aSegue: Appendici 650 4$aContratto di trasporto marittimo 774 0 $tTrattato di diritto civile e commerciale ;$n26.2 907 $a.b11566632$b04-10-21$c02-07-02 912 $a991001805999707536 945 $aLE027 346.00 TDC01.01$cV. 26,2$g1$i2027000158591$lle027$o-$pE0.00$q-$rl$s- $t0$u0$v0$w0$x0$y.i11770247$z02-07-02 996 $aContratto di trasporto marittimo di cose$940872 997 $aUNISALENTO 998 $ale027$b01-01-00$cm$da $e-$fita$git $h0$i1 LEADER 01849nam 2200577 450 001 9910827987903321 005 20210104171438.0 010 $a1-5275-1469-2 035 $a(CKB)4100000005599246 035 $a(MiAaPQ)EBC5477621 035 $a(PPN)233100318 035 $a(EXLCZ)994100000005599246 100 $a20180906d2018 uy 0 101 0 $aeng 135 $aurcnu|||||||| 181 $ctxt$2rdacontent 182 $cc$2rdamedia 183 $acr$2rdacarrier 200 10$aFactors of EU economic growth $ea multi-level investigation /$fby Florin-Teodor Boldeanu 210 1$aNewcastle upon Tyne :$cCambridge Scholars Publishing,$d2018. 215 $a1 online resource (250 pages) 311 $a1-5275-0928-1 606 $aeconomics$9eng$2eurovoc 606 $aeconomic growth$9eng$2eurovoc 606 $agovernment policy$9eng$2eurovoc 606 $anatural resources$9eng$2eurovoc 606 $apopulation dynamics$9eng$2eurovoc 606 $asustainable development$9eng$2eurovoc 606 $aeconomic analysis$9eng$2eurovoc 606 $aEU Member State$9eng$2eurovoc 606 $aEconomic development$zEuropean Union countries 607 $aEuropean Union countries$xEconomic conditions$y21st century 615 7$aeconomics 615 7$aeconomic growth 615 7$agovernment policy 615 7$anatural resources 615 7$apopulation dynamics 615 7$asustainable development 615 7$aeconomic analysis 615 7$aEU Member State 615 0$aEconomic development 676 $a338.2724094 686 $a16.20.24$2EP-CLASS 700 $aBoldeanu$b Florin-Teodor$01605369 801 0$bMiAaPQ 801 1$bMiAaPQ 801 2$bMiAaPQ 906 $aBOOK 912 $a9910827987903321 996 $aFactors of EU economic growth$93930566 997 $aUNINA